UBT Library

A Practical Approach to Infectious Diseases (Record no. 52343)

000 -LEADER
fixed length control field 00319nam a22001337a 4500
008 - FIXED-LENGTH DATA ELEMENTS--GENERAL INFORMATION
fixed length control field 181122b xxu||||| |||| 00| 0 eng d
020 ## - INTERNATIONAL STANDARD BOOK NUMBER
International Standard Book Number 9780781732819
041 ## - LANGUAGE CODE
Language code of text/sound track or separate title eng
080 ## - UNIVERSAL DECIMAL CLASSIFICATION NUMBER
Edition identifier 5th
Universal Decimal Classification number 616.9
100 ## - Rafti
Rafti 8
101 ## - Shkurtesa
Shkurtesa INF
245 ## - TITLE STATEMENT
Title A Practical Approach to Infectious Diseases
Statement of responsibility, etc Betts,R.F
942 ## - ADDED ENTRY ELEMENTS (KOHA)
Source of classification or shelving scheme
Item type Books
Holdings
Withdrawn status Lost status Source of classification or shelving scheme Damaged status Not for loan Collection code Permanent location Current location Shelving location Date acquired Total Checkouts Full call number Barcode Date last seen Price effective from Koha item type
          Koleksioni i përgjithshem UBT - Lipjan UBT - Lipjan Koleksioni i përgjithshem 11/22/2018   616.9 BET 002-3020070 11/22/2018 11/22/2018 Books
UBT Library © 2015-2024. All rights reserved University Education for Business and Technology